000 00846nam0a22002291 4500
001 rc\2756396
005 20110915171134.9
035 _a(NLR Aleph) 006883115
090 _a7068121
_c7068121
100 _a20110915d1940 u y0rusy50 ca
101 0 _arus
102 _aRU
105 _aa z |||||
200 1 _aОпыт модернизации теплохода "Смольный"
_fИнж. Б. В. Кузнецов
210 _aМосква
_cГосмориздат
_d1940
215 _a68 с., 1 вкл. л. черт.
_cил., черт.
_d22 см.
700 1 _7ca
_8rus
_aКузнецов
_bБ. В.
_cинженер-технолог, двигатели
_f1906-
_gБорис Владимирович
_92702775
_3RU\NLR\AUTH\770291622
801 0 _aRU
_bNLR
_gpsbo
801 1 _aRU
_bELAR
_2rusmarc
852 _aNLR
_j40-11/718
942 _cBOOK
980 _aNB